[Event "FIDE-Wch"]
[Site "NED/INA"]
[Date "1993.??.??"]
[Round "14"]
[White "Karpov, Anatoly"]
[Black "Timman, Jan H"]
[Result "1-0"]
[WhiteElo "2760"]
[BlackElo "2620"]
[Annotator "Ftacnik,L"]
[PlyCount "105"]
[EventDate "1993.09.??"]
[EventType "match"]
[EventRounds "21"]
[EventCountry "NED"]
[SourceTitle "CBM 036"]
[Source "ChessBase"]
[SourceDate "1993.10.01"]
[SourceVersion "1"]
[SourceVersionDate "1993.10.01"]
[SourceQuality "1"]

1. d4 Nf6 2. c4 e6 3. Nf3 d5 4. Nc3 dxc4 5. e4 Bb4 6. Bg5 c5 7. Bxc4 cxd4 8.
Nxd4 Bxc3+ 9. bxc3 Qa5 10. Nb5 Nxe4 (10... Bd7 11. Nd6+ Ke7 12. Qd2 Bc6 13. f4
Nbd7 14. Rd1 $1 Rhd8 15. Qd4 $1 h6 16. Bh4 Qh5 17. Bf2 Kf8 18. e5 Nd5 $6 19.
O-O Qg4 $2 20. h3 $1 Qh5 21. f5 $1 Kg8 22. Rd3 $1 N7b6 23. Bxd5 Bxd5 24. Rg3
$16 {Karpov,An-Timman,J (06)/FIDE-Wch (Arnheim)/1993/1-0 (33)}) (10... a6 11.
Nd6+ Ke7 12. Qd2 (12. Bf4 Nc6 13. Qb3 Nd4 14. Nxc8+ Kf8 15. Qb2 Rxc8 16. O-O
Nf3+ 17. gxf3 Rxc4 18. Qxb7 g5 19. Bd6+ Kg7 20. Bb4 Qa4 21. Rfd1 Rhc8 22. Rd2
Rxc3 23. Bxc3 Rxc3 24. Kg2 {Podgaets,M-Maljutin,E/Alushta op/1993/1-0 (43)})
12... Nc6 13. Rd1 $5 Rd8 14. O-O Qc5 $1 (14... h6 {Vyzmanavin,A-Ribli,Z/
Calcutta (07)/1992/0.5 (14)}) 15. e5 $8 Qxe5 16. Bf4 Qc5 17. Qb2 b5 $1 18. Be3
Qe5 19. Qa3 Ng4 $3 20. Bg5+ $1 $8 Qxg5 21. Nxc8+ Kf6 22. Rxd8 Nxd8 23. Nb6 $1
bxc4 $2 24. Nxa8 {Kuzmin,A-Akopian,V/USSR (ch)/1991/0.5 (52)}) (10... O-O $2
11. Bxf6 gxf6 12. Qg4+ Kh8 13. Qh4 Nd7 14. Rd1 a6 15. Rd3 $1 $16 {Razuvaev,
Y-Drasko,M/Protvino/1988/}) 11. Bf4 (11. Qd4 O-O $1 12. Qxe4 a6 13. Be7 axb5
14. Bb4 Qc7 15. Bxb5 Bd7 16. Bd3 g6 17. O-O Re8 18. Qe3 Nc6 19. Bc5 Ne7 20. Be4
Nf5 21. Bxf5 exf5 22. Qd4 Re4 23. Qd6 Qxd6 24. Bxd6 {Karpov,An-Timman,J (08)/
FIDE-Wch (Amsterdam)/1993/0.5 (28)}) 11... O-O 12. O-O (12. Qf3 a6 13. Nc7 e5
14. Nxa8 exf4 15. Rc1 Qe5 16. Qe2 f3 17. gxf3 Qg5 18. Qe3 Qg2 19. Ke2 Bg4 20.
Rhg1 Bxf3+ 21. Qxf3 Nxc3+ 22. Rxc3 Qxg1 23. Re3 Nd7 24. Nb6 $14 {Seres,
L-Koczka,Zs/Gyor junior/1991/1-0 (31)}) 12... Nd7 $1 (12... Nc6 13. Bc7 $1 b6
14. Qf3 $36) 13. Nc7 $6 e5 (13... Rb8 14. Nxe6 $1) 14. Nxa8 exf4 15. Bd5 (15.
Qf3 Nd2 16. Qxf4 Nxf1 17. Rxf1 (17. Bxf1 Qxc3 18. Rc1 Qb2 19. Nc7 Nf6 20. Nb5
Bd7 21. Nd6 b5 $17) 17... Ne5 18. Re1 Nxc4 19. Qxc4 Be6 $5 20. Qc7 $2 (20. Rxe6
fxe6 21. Nc7 Qb6 $17) 20... Qa6 $19) 15... Ndf6 (15... Nef6 $1 16. c4 (16. Bf3
Ne5 (16... Nc5 17. Qd4 $1 {/\ Qb4}) 17. Qd6 (17. Re1 Qxc3 18. Be2 (18. Rc1
Nxf3+ 19. gxf3 Qa5 20. Nc7 Bh3 21. Kh1 Qxa2 $17 (21... Qxa2 $17))) 17... Nxf3+
18. gxf3 Bh3 $19 (18... Bh3 $19)) 16... Nc5 17. Qe1 Qxe1 $1 18. Rfxe1 Bd7 19.
Nc7 Rc8 20. Nb5 Bxb5 (20... Nxd5 $19) 21. cxb5 Nxd5 22. Rac1 b6 $19) (15...
Nxc3 $2 16. Qd2) 16. Bxe4 Nxe4 17. f3 $6 (17. Re1 Bf5 18. Qd4 Rxa8 19. Rxe4
Bxe4 20. Qxe4 Qxc3 21. Rb1 Rc8 22. Qxf4 b6 $17 (22... b6 $17)) 17... Nxc3 $6 (
17... Rd8 $1 18. Qe1 (18. Qc2 Qc5+ 19. Kh1 Ng3+ 20. hxg3 Qh5+ 21. Kg1 fxg3 22.
Rfc1 (22. Rfd1 Qh2+ 23. Kf1 Qh1+ 24. Ke2 Qxg2+ 25. Ke3 Re8+ 26. Qe4 Rxe4+ 27.
fxe4 Qf2+ 28. Kd3 Bg4 $19) 22... Bf5 23. Qb3 Qh2+ 24. Kf1 Qh1+ 25. Ke2 Qxg2+
26. Ke1 Qf2#) 18... Qc5+ 19. Kh1 Nf6 20. Qf2 Qxf2 21. Rxf2 Bd7 22. Rb2 (22. Nc7
Rc8) 22... Rxa8 23. Rxb7 $17) 18. Qd6 $1 Nd5 $6 (18... Be6 19. Nc7 Bxa2 20.
Rfe1 (20. Rf2 Rc8 21. Ne6 $5 fxe6 22. Rfxa2 Qd5 23. Rd2 Qxd6 24. Rxd6 e5 25.
Rd7 $14) 20... Qb6+ 21. Qxb6 axb6 22. Kf2) (18... Nb5 $5 19. Qe5 (19. Qxf4 Be6
20. a4 Nc3 21. Qc7 Qb4 $17) 19... Bd7 20. a4 (20. Rfd1 Bc6 21. a4 Qc3 $1 (21...
Rxa8 $2 22. axb5 Qxb5 23. Qxb5 Bxb5 24. Rxa7 $1) 22. Qxf4 (22. Qe7 $6 Re8 23.
Qg5 Qe3+ 24. Kh1 Nd4 $19) 22... Qc5+ 23. Kh1 Rxa8 24. axb5 Bxb5 25. Rac1 Qf8
$17 26. Rd4 Bc6 27. Rcd1 h6 28. Qc7 Kh7 29. Rd8 Rxd8 30. Rxd8 Qc5) 20... Rxa8
21. axb5 Qxb5 $15) (18... Rd8 19. Qc7 (19. Rfe1 $5) 19... Qxc7 20. Nxc7 Bd7 21.
a4 $1) 19. Rfc1 Be6 (19... Rd8 20. Qe5 (20. Rc5 $5) (20. Qc5 Qxc5+ (20... Qd2
21. Qxc8 $5 Ne3 22. Qh3 Rxa8 23. Rc8+ $18) 21. Rxc5 b6 22. Rcc1 Bb7 23. Nc7 Ne3
$132) 20... Qd2 21. Rd1) (19... Ne3 20. Qxf4 Qd2 21. Qg3 $16) 20. Nc7 Nxc7 21.
Qxc7 Qxc7 $2 (21... Qd2 $132) 22. Rxc7 Bd5 23. Rc5 Be6 (23... Bc6 24. Rf5 a6
25. Rxf4 $14) 24. Rc7 Bd5 25. Rc5 Be6 26. Ra5 a6 27. Rb1 Rc8 28. h4 Rc7 29. Rb4
Bc4 30. Raa4 Be6 (30... Bb5 31. Rxb5 $1) 31. Rb6 $1 (31. Rxf4 h6 32. Rfb4 Bd5
$10) 31... h6 (31... Bd5 $4 32. Rd6) 32. a3 g5 $6 (32... Bd5 {/\ Bc6}) 33. Rab4
(33. hxg5 hxg5 34. Ra5 g4 35. fxg4 $16) 33... a5 (33... Bd5 34. Rxh6 $18) (
33... gxh4 $1 34. Rxf4 h3 35. gxh3 Bxh3 $14) 34. Ra4 gxh4 35. Rxf4 $6 (35. Rxa5
h3 36. gxh3 Bxh3 37. Rxh6 $16) 35... h3 36. gxh3 (36. g4 $2 Rc3 $1 37. a4 Bd5
38. Rbf6 Kg7 39. Kh2 Be6 $13) 36... Bxh3 37. Ra4 Rc3 (37... Bd7 38. Rxa5 Rc1+
39. Kg2 Bc6 $132) 38. Rxb7 Rxf3 39. Rxa5 Be6 $4 (39... Rf1+ 40. Kh2 Be6 {
/\ Ra1=}) 40. Rb1 $1 $18 h5 41. Rg5+ Kf8 42. Ra1 h4 43. a4 f6 44. Rg2 Bd5 45.
Rd2 Be4 46. a5 (46. Kh2 $18) 46... Rh3 47. Ra4 $1 Bc6 (47... Rh1+ 48. Kf2 Rh2+
49. Ke3 Rxd2 50. Kxd2 f5 51. Rxe4 $1 fxe4 52. a6 $18) 48. Rc4 Rh1+ 49. Kf2 Bb5
50. Rc7 Ke8 51. Rd5 Rb1 52. Rh5 $1 Kd8 53. Ra7 1-0

[Event "Barcelona"]
[Site "Barcelona"]
[Date "1992.05.??"]
[Round "8"]
[White "Rodriguez Vargas, Orestes"]
[Black "Magem Badals, Jordi"]
[Result "0-1"]
[WhiteElo "2455"]
[BlackElo "2515"]
[Annotator "Ftacnik,L"]
[PlyCount "100"]
[EventDate "1992.05.??"]
[EventType "tourn"]
[EventRounds "11"]
[EventCountry "ESP"]
[EventCategory "13"]
[SourceTitle "CBM 030"]
[Source "ChessBase"]
[SourceDate "1992.10.01"]
[SourceVersion "1"]
[SourceVersionDate "1992.10.01"]
[SourceQuality "1"]

1. d4 {Dautov} d5 2. Nf3 Nf6 3. c4 dxc4 4. Nc3 e6 5. e4 Bb4 6. Bg5 c5 7. Bxc4
cxd4 8. Nxd4 Bxc3+ 9. bxc3 Qa5 10. Bb5+ Nbd7 11. Bxf6 Qxc3+ 12. Ke2 Qb2+ $1 {N}
(12... gxf6 13. Rc1 Qb4 14. Rc4 Qe7 15. Qc1 O-O 16. Rc7 $16 {Ljubojevic,
L-Timman,J/Reykjavik WCT/1991/}) 13. Kf1 gxf6 14. h4 e5 15. Nb3 (15. Nf5 $4
Qxb5+ $19 (15... Qxb5+ {Dautov} 16. Kg1 Qa6 17. Rc1 Nb6 $19)) 15... a6 16. Be2
(16. Bc4 Nb6 17. Be2 Be6 $17) 16... Nf8 (16... Nb6 17. Qd6) 17. Qd6 (17. Nc5 {
Dautov} Ne6 18. Na4 Qd4 $17) (17. Bg4 {Dautov} Bxg4 18. Qxg4 Ne6 19. Rh3 Ke7
$17) 17... Be6 18. Rd1 Rc8 (18... Bxb3 19. axb3 Qxb3 20. Qxf6 Rg8 21. Qxe5+ Qe6
22. Qd4 $40) 19. Rh3 (19. Nc5 Qb4 20. Nxe6 Qxd6 21. Rxd6 Rc1+ (21... Nxe6 $17 {
Dautov}) 22. Rd1 Rxd1+ 23. Bxd1 Nxe6 $17) (19. g4 Nd7 20. Rh3 Rc6 $17) (19. g3
{Dautov} Nd7 20. Rd2 Rc2 $13) 19... Bxh3 20. gxh3 Qc3 (20... Qxa2 21. Bg4 Qxb3
22. Bd7+ $1 (22. Bxc8 $2 Qc4+ $19) 22... Nxd7 23. Qxd7+ Kf8 24. Qxc8+ Kg7 25.
Qg4+ Kh6 26. Rd6 Qb1+ 27. Kg2 Rg8 28. Qxg8 Qxe4+ 29. Kh2 $18) 21. Bg4 (21. Qxf6
Qxh3+ 22. Ke1 Rg8 23. Qxe5+ Ne6 $19) 21... Qc4+ 22. Kg1 (22. Ke1 Ne6 23. Bh5
Nf4 $19) (22. Rd3 {Dautov} Ne6 $19) 22... Rg8 23. Rc1 (23. Kh2 Rxg4 24. Rc1 (
24. hxg4 Qe6 $17 (24... Qc6 {Dautov} 25. Qd3 Ne6 26. Rc1 Qd7 $17)) 24... Qxc1
25. Nxc1 Rxe4 $17) 23... Qxc1+ 24. Nxc1 h5 $1 (24... Rxc1+ 25. Kh2 $16) 25. Ne2
hxg4 26. Qxf6 (26. Ng3 {Dautov} gxh3 27. Kh2 Ne6 28. Nf5 Rg2+ $19) (26. hxg4
$142 {Dautov} Rxg4+ 27. Ng3 Ne6 28. h5 $17) 26... Nd7 27. Qh6 gxh3+ 28. Ng3 (
28. Kh1 Rc2 $19) 28... Rc2 29. Qe3 Nf6 30. Qb3 (30. Qf3 Ng4 $19) 30... Rc1+ 31.
Kh2 Ng4+ 32. Kxh3 Nxf2+ 33. Kg2 $6 (33. Kh2 Ng4+ 34. Kh3 Rg1 35. Qf3 Nf2+ 36.
Qxf2 R8xg3+ 37. Qxg3 Rxg3+ 38. Kxg3 Ke7 $19) 33... Nh1 $1 34. Qxb7 Rxg3+ 35.
Kh2 Rgc3 36. Qb8+ Kd7 37. Qb7+ (37. Qxe5 {Dautov} Rd3 38. Qf5+ Ke8 $19) 37...
Kd8 38. Qb8+ Kd7 39. Qb7+ Kd6 40. Qd5+ (40. Qxa6+ Ke7 41. Qb7+ Kf6 $19) (40.
Qb6+ {Dautov} Ke7 41. Qb7+ Kf6) 40... Kc7 41. Qxe5+ Kb6 42. a3 (42. Qd6+ {
Dautov} Ka5 43. Qd5+ Kb4 44. Qxf7 Nf2 $19) 42... R3c2+ 43. Kh3 Nf2+ 44. Kg3 Nd3
45. Qd4+ (45. Qb8+ Ka5 46. Qd8+ Ka4 47. Qd7+ Kxa3 48. Qxd3+ Rc3 $19) 45... Nc5
46. h5 Rd2 $1 47. Qb4+ (47. Qxd2 Nxe4+ $19) 47... Kc6 48. h6 Rg1+ 49. Kf3 Rd3+
50. Kf4 Rf1+ {Ftacnik,L} (50... Rf1+ 51. Kg4 (51. Kg5 {Dautov} Rg3+ 52. Kh4 Rg6
) 51... Rd6 52. h7 Rg6+ 53. Kh3 Rh1#) 0-1

[Event "Dos Hermanas"]
[Site "Dos Hermanas"]
[Date "1992.??.??"]
[Round "6"]
[White "Cramling, Pia"]
[Black "Rodriguez Talavera, Juan Carlos"]
[Result "1-0"]
[WhiteElo "2530"]
[BlackElo "2375"]
[Annotator "Ftacnik,L"]
[PlyCount "63"]
[EventDate "1992.05.??"]
[EventType "tourn"]
[EventRounds "9"]
[EventCountry "ESP"]
[EventCategory "10"]
[SourceTitle "CBM 031"]
[Source "ChessBase"]
[SourceDate "1992.12.01"]
[SourceVersion "1"]
[SourceVersionDate "1992.12.01"]
[SourceQuality "1"]

1. d4 Nf6 2. c4 e6 3. Nf3 d5 4. Nc3 dxc4 5. e4 Bb4 6. Bg5 c5 7. Bxc4 cxd4 8.
Nxd4 Bxc3+ 9. bxc3 Qa5 10. Bb5+ Nbd7 11. Bxf6 Qxc3+ 12. Kf1 gxf6 13. h4 a6 (
13... Ke7 14. Rh3 Qa5 15. Rb1 Rd8 16. Qc1 Ne5 17. Qc5+ (17. f4 Rxd4 18. Qc5+
Rd6 19. fxe5 fxe5 20. Qxe5 Bd7 21. Qg5+ $40 {Lobron,E-Yudasin,L/Munich/1991/})
17... Rd6 18. Rd1 Qb6 19. Nc6+ bxc6 20. Qxd6+ Ke8 21. Rg3 Qxb5+ 22. Kg1 {
1-0/Adorjan,A-Chernin,A/Debrecen/1990/}) 14. Rh3 Qa5 15. Be2 Ke7 16. Rc1 Rd8
17. Qc2 Ne5 18. Qb2 Rd6 19. Rb3 b5 20. f4 Nc4 21. Bxc4 bxc4 22. Rxc4 $1 (22. e5
$6 fxe5 23. fxe5 Rxd4 24. Qxd4 cxb3 25. Qd6+ Ke8 26. Qc6+ Ke7 27. Qd6+ Ke8 28.
Qc6+ Ke7 29. Qd6+ {0,5-0,5/Browne,W-Petursson,M/St Martin op/1991/}) 22... Bd7
23. a4 $5 (23. e5 fxe5 24. fxe5 Rd5 $16) 23... Rd8 24. e5 fxe5 25. fxe5 Rd5 (
25... Qxe5 $2 26. Nc6+ $18) 26. Qa3+ Ke8 27. Rg3 Bc8 28. Rg8+ Kd7 29. Rf8 Rxf8
(29... Rxe5 30. Rxf7+ Ke8 31. Qe7#) 30. Qxf8 Rxe5 (30... Bb7 31. Qxf7+ Kd8 32.
Nxe6#) 31. Qxc8+ Kd6 32. Qb8+ {Ftacnik,L} (32. Qb8+ Kd5 33. Qxe5+ $1 Kxe5 34.
Nc6+) 1-0

[Event "Tel Aviv"]
[Site "Tel Aviv"]
[Date "1992.??.??"]
[Round "2"]
[White "Khenkin, Igor"]
[Black "Rechlis, Gad"]
[Result "1-0"]
[WhiteElo "2530"]
[BlackElo "2515"]
[Annotator "Ftacnik,L"]
[PlyCount "55"]
[EventDate "1992.04.??"]
[EventType "tourn"]
[EventRounds "11"]
[EventCountry "ISR"]
[EventCategory "11"]
[SourceTitle "CBM 030"]
[Source "ChessBase"]
[SourceDate "1992.10.01"]
[SourceVersion "1"]
[SourceVersionDate "1992.10.01"]
[SourceQuality "1"]

1. d4 d5 2. Nf3 Nf6 3. c4 dxc4 4. Nc3 e6 5. e4 Bb4 6. Bg5 c5 7. Bxc4 cxd4 8.
Nxd4 Bxc3+ 9. bxc3 Qa5 10. Bb5+ Bd7 11. Bxf6 gxf6 12. Qb3 O-O 13. O-O Nc6 14.
Bxc6 Bxc6 15. Nxc6 bxc6 16. Rae1 Rfd8 {N} (16... Rab8 17. Qc4 Rfd8 18. e5 fxe5
19. Qh4 e4 20. Rxe4 Qxc3 21. Qe7 Qg7 22. h3 Re8 $14 {Novikov,I-Georgadze,G/
Lvov/1990/}) 17. e5 $1 fxe5 18. Qc4 Rd5 19. Qg4+ Kh8 (19... Kf8 20. c4 Rc5 21.
Qh4 $40) 20. c4 $1 Rc5 (20... Rd4 21. Qg5 Rxc4 22. Qf6+ Kg8 23. Rxe5 $18) 21.
Rd1 e4 (21... Rd8 22. Qg5 Rd4 23. Rxd4 exd4 24. Qf6+ Kg8 25. Rb1 Qc7 26. Qxd4
$16) 22. Qxe4 Qc3 23. Rd4 $1 Rg8 (23... f5 24. Qh4 $16) 24. Rfd1 h5 $2 (24...
Rcg5 25. g3 $16) 25. Qf4 Kg7 (25... Rcg5 26. Qf6+ Kh7 27. g3 $16) 26. R4d3 Qe5
27. Rg3+ Kf8 28. Qh6+ {Ftacnik,L} (28. Qh6+ Rg7 29. Qh8+) 1-0

[Event "FIDE World Cup"]
[Site "Khanty-Mansiysk"]
[Date "2005.11.28"]
[Round "1.2"]
[White "Ftacnik, Lubomir"]
[Black "Istratescu, Andrei"]
[Result "1/2-1/2"]
[WhiteElo "2612"]
[BlackElo "2622"]
[Annotator "Ftacnik,L"]
[PlyCount "110"]
[EventDate "2005.11.27"]
[EventType "k.o."]
[EventRounds "7"]
[EventCountry "RUS"]
[SourceTitle "CBM 111"]
[Source "ChessBase"]
[SourceDate "2006.04.04"]
[SourceVersion "1"]
[SourceVersionDate "2006.04.04"]
[SourceQuality "1"]

1. Nf3 {Ribli} Nf6 2. c4 e6 3. Nc3 d5 4. d4 dxc4 5. e4 Bb4 6. Bg5 c5 7. Bxc4
cxd4 8. Nxd4 Qa5 9. Bb5+ $1 Nbd7 10. Bxf6 gxf6 $6 {Istratescu is no expert in
the Vienna variation and he doesn't realise, how dangerous it is to leave the
white king the chance to solve all problems by castling.} (10... Bxc3+ {Ribli}
11. bxc3 Qxc3+ 12. Kf1 gxf6 {wäre Übergang zur Variante 8...Bxc3+ 9.bxc3 Qa5
10.Bb5+ Nbd7 11.Bxf6 Qxc3+ 12.Kf1 gxf6.}) 11. O-O {Ribli: 'Das ist der große
Unterschied zu 10...Bxc3+; der weiße König steht nach der Rochade sicher,
während der schwarze unsicher in der Mitte steht.'} a6 (11... Bxc3 {Ribli} 12.
bxc3 Qxc3 $2 13. Rc1 Qa5 14. Nxe6 $18) 12. Ba4 Bxc3 13. bxc3 Ke7 (13... b5 $2 {
Ribli} 14. Bb3 Qxc3 15. Rc1 Qa5 16. Nxe6 fxe6 17. Bxe6 $18) 14. Re1 {Ribli:
'Bei materieller Gleichheit hat Weiß eine aussichtsreiche Stellung. Schwarz
hat Entwicklungsprobleme und sein König steht angreifbar in der Mitte.'} Rd8
15. Bb3 Nc5 {Considerably the best continuation must have been daring
acceptance of the pawn c3. After the text move black could have lost very
quickly.} (15... Qxc3 $5 16. Rc1 Qb4 17. Nf5+ exf5 18. exf5+ Ne5 19. Qh5 Rf8
20. Bc4 Qb2 (20... b5 21. Qh4 Qd6 22. Rcd1 Qc7 23. Rd5 Qxc4 24. Rdxe5+ Be6 25.
R5e4 $18) 21. Rcd1 Qb4 22. Qh4 Qc3 23. f4 Qxc4 24. Rxe5+ Be6 25. fxe6 fxe6 26.
Qxh7+ Rf7 27. Rd7+ Kxd7 28. Qxf7+ Kd6 29. Re1 $16) 16. Qf3 $6 {White was
intensively looking for a better continuation, but he has missed the move 19.
Qxh7! in the line with the knight sacrifice 16.Nf5!} (16. Qh5 $5 Rxd4 (16...
Nxb3 17. e5 Qxc3 18. Nxb3 fxe5 19. Rac1 $16) 17. cxd4 Nxb3 18. e5 $1 {1-0
Szeberenyi,A-Sarosi,Z /Hungary 1999/}) (16. Nf5+ $1 exf5 17. exf5+ Be6 (17...
Kf8 18. Qh5 Nxb3 19. Qxh7 $1 Be6 20. fxe6 fxe6 21. Rxe6 Qxc3 22. Rae1 $18) 18.
Qc2 Qb5 19. fxe6 Qd3 20. exf7+ Kf8 21. Qb2 $18) 16... e5 17. Nc2 (17. Nf5+ Bxf5
18. Qxf5 Nxb3 19. axb3 Qxc3 20. Rac1 Qd2 21. Rf1 $16) 17... Nxb3 18. axb3 Qb6
19. Ne3 Be6 (19... Qxb3 $2 20. Nd5+ $18) 20. c4 {Ribli: 'Weiß hat deutlichen
Positionsvorteil: er besitzt die bessere Bauernstruktur und kontrolliert das
wichtige d5-Zentrumsfeld. Mit dem Textzug verstärkt Weiß seine Kontrolle über
d5 und verteidigt indirekt den b3-Bauern.'} Rd4 {Black has survived the first
wave of attack, but his position remained difficult.} (20... Rd2 21. Nd5+ Bxd5
22. exd5 Rg8 23. Rad1 $16) 21. Re2 a5 (21... Rad8 {Ribli} 22. Nd5+ Bxd5 23.
exd5 $16) 22. Rea2 Ra6 (22... Qd8 23. Nd5+ Kf8 24. Nxf6 Rd3 25. Qe2 Rxb3 26.
Nd5 $16) 23. h3 h5 24. Nd5+ (24. Qxh5 Qxb3 25. Ra3 Qb6 26. Qf3 $16) 24... Bxd5
25. exd5 h4 (25... Kf8 26. Rc2 Qc5 27. Qxh5 Rxd5 28. Qh6+ Ke7 29. cxd5 Qxc2 30.
Rc1 Qxb3 31. Rc8 $18) 26. Qc3 Kd7 (26... Qc5 27. Rxa5 Rxa5 28. Rxa5 Rd1+ 29.
Kh2 Qxf2 30. Qb4+ $18) 27. Ra4 (27. Rxa5 Rxa5 28. Qxa5 Qxb3 (28... Rd1+ 29. Kh2
Qxa5 30. Rxa5 Rd2 31. f3 f5 32. Ra7 $16) 29. Qa8 Rd1+ 30. Rxd1 Qxd1+ 31. Kh2
Qb3 32. Qf8 Qxc4 33. Qxf7+ $16) 27... Qc7 $6 {It must have been better to play
27...Qc5!?} (27... Qc5 $5 28. Qe3 $16) 28. Rc1 Qc5 (28... b5 29. cxb5 Qxc3 (
29... Rd1+ 30. Rxd1 Qxc3 31. bxa6 Qxb3 32. Rda1 Qxd5 33. Rxa5 $18) 30. Rxc3 Rb6
31. Rxa5 Rxd5 32. Ra7+ $16) 29. b4 $1 axb4 30. Rxb4 Qc7 (30... Ke8 31. Rxb7 Kf8
32. Rb5 $18) 31. Qb3 Kc8 32. c5 Rxb4 33. Qxb4 Qa5 $2 {The Romanian has lost
the control of the game, it was much better to put the queen on d7.} (33... Qd7
$1 34. d6 Ra4 35. Qb3 Ra6 36. Qf3 Qe6 37. Rd1 e4 38. Qc3 $18) 34. Qg4+ Kb8 (
34... Kc7 35. d6+ Kb8 36. Qd7 $18) 35. Qg8+ Ka7 36. Qxf7 Qb4 {Black did not
even test the trick after 36...Qa2.} (36... Qa2 37. c6 $1 Rxc6 38. dxc6 Qxf7
39. c7 $18) 37. c6 Qb2 38. Qxb7+ $2 {Very unpleasant moment, since white has
decided to play safe in a winning position. It was clear that 38.Rf1 is very
bad for black, but 38...e4 still offered some chances.} (38. Rf1 e4 (38... Ra1
39. Qxb7+ Qxb7 40. Rxa1+ $18) 39. Qe7 $1 (39. c7 Ra1 40. c8=Q Rxf1+ 41. Kxf1
Qb1+ 42. Ke2 Qd3+ 43. Ke1 Qb1+ 44. Kd2 Qd3+ 45. Kc1 Qa3+ 46. Kc2 Qd3+ 47. Kb2
Qb5+ 48. Kc3 Qd3+ 49. Kb4 Qb1+ 50. Kc5 Qc2+ 51. Kd6 Qxc8 52. Qxf6 $16) 39...
Ra5 40. c7 Ra1 41. c8=Q Rxf1+ 42. Kh2 (42. Kxf1 Qb1+ 43. Ke2 Qd3+ 44. Ke1 Qb1+
45. Kd2 Qd3+ 46. Kc1 Qf1+ 47. Kb2 Qb5+ 48. Kc3 Qd3+ 49. Kb4 Qb1+ 50. Ka4 Qd1+
51. Kb5 Qb3+ 52. Qb4 $18) 42... Rc1 43. Qg4 Qa1 44. Qxh4 $18) 38... Qxb7 39.
cxb7 Kxb7 40. Rc4 Rd6 41. Rxh4 Rxd5 42. Rh7+ $2 {The nerves are taking it's
toll, it was much better to cut off the black king with 42.Rc4! with a
technically winning position.} (42. Rc4 $1 Rd1+ 43. Kh2 Rd2 44. f3 $18) 42...
Kc6 43. Rf7 (43. g4 Kd6 44. Rg7 Rd4 45. Kg2 Ke6 46. h4 f5 47. Rg6+ Kf7 $14)
43... Rd6 44. h4 Kd5 45. Kh2 Ke6 46. Rg7 Rd2 47. h5 (47. f3 f5 48. h5 Kf6 49.
Rg6+ Kf7 $14) 47... f5 (47... Rxf2 48. h6 Rf4 49. g4 Rf2+ 50. Kg3 Rf1 51. Kg2
Ra1 52. h7 Ra2+ 53. Kg3 Ra3+ 54. Kh4 Ra1 55. Kh5 Rh1+ 56. Kg6 $18) 48. Rg6+ (
48. h6 Kf6 49. Rg8 Rd7 $11) 48... Kf7 49. f3 e4 50. fxe4 fxe4 51. Rg5 (51. Rg4
Rd5 52. Rf4+ Kg7 53. g4 Re5 54. Kg1 e3 55. Kf1 e2+ 56. Ke1 Kh6 $11) 51... e3
52. Kg3 Kf6 53. Rg6+ Kf7 54. Kf3 e2 55. Kf2 Rd5 {White has squandered all his
advantage, the position is drawn.} (55... Rd5 56. g4 Re5 57. Ke1 Re4 $11)
1/2-1/2

[Event "Foros Aerosvit"]
[Site "Foros"]
[Date "2007.06.19"]
[Round "2"]
[White "Ivanchuk, Vassily"]
[Black "Nisipeanu, Liviu Dieter"]
[Result "1-0"]
[WhiteElo "2729"]
[BlackElo "2693"]
[Annotator "Ftacnik,L"]
[PlyCount "77"]
[EventDate "2007.06.18"]
[EventType "tourn"]
[EventRounds "11"]
[EventCountry "UKR"]
[EventCategory "18"]
[SourceTitle "CBM 119"]
[Source "ChessBase"]
[SourceDate "2007.08.01"]
[SourceVersion "1"]
[SourceVersionDate "2007.08.01"]
[SourceQuality "1"]

1. d4 d5 2. Nf3 Nf6 3. c4 dxc4 4. Nc3 e6 5. e4 Bb4 6. Bg5 c5 7. e5 cxd4 8. Qa4+
Nc6 9. O-O-O Bd7 10. Ne4 Nxe4 $5 {Ivanchuk is such a versatile player, that it
is not easy to play well known positions against him. The main continuation is
10...Be7, but Nisipeanu gives preference to the value of surprise and the
fruits of his home analyses.} 11. Bxd8 Rxd8 12. Nxd4 Bd2+ (12... Nxf2 13. Bxc4
$5 (13. Nxc6 Nxd1 14. Qxb4 Bxc6 15. Bxc4 Nf2 16. Rf1 $16) 13... Nxd1 14. Rxd1
Bc5 15. Nxc6 Bxc6 16. Bb5 $16) 13. Rxd2 Nxd2 (13... Nxd4 14. Qxa7 Nxd2 15. Qxd4
Bc6 16. Qc5 Rd5 17. Qa3 $16) 14. Nxc6 (14. Kxd2 $6 Nxd4 15. Qxa7 Bc6 $14) 14...
Bxc6 15. Qa3 $1 {[%mdl 1024] A very subtle and important move, which prevents
Black's castling and shows that the defender has not obtained sufficient
compensation for the queen. Even though he retains some drawing chances,
Nisipeanu's ordeal is not to be envied.} Nxf1 16. Rxf1 Rd3 (16... f5 $5 17.
exf6 gxf6 18. Qxa7 Kf7 19. Qb6 Rhg8 20. g3 $16) 17. Qb4 a5 (17... a6 18. f3 Rd8
19. Rd1 Bd5 20. Kc2 $16) 18. Qxc4 Rd5 (18... Rd8 19. Rd1 Rc8 20. Kb1 $16) 19.
Rd1 (19. Re1 O-O 20. Qc2 Rfd8 21. g3 $16) 19... O-O (19... Rxe5 20. Qd4 Rd5 21.
Qxg7 $16) 20. Rxd5 Bxd5 21. Qa4 Bxg2 (21... b6 22. f3 g6 23. Kd2 $16) 22. Qxa5
Bd5 23. f4 (23. b3 f6 24. exf6 Rxf6 25. Qc5 $16) 23... f6 (23... f5 24. Qc3 h6
25. h4 Ra8 26. a3 $16) 24. f5 $5 {The battle bears a distinctly technical
nature, but the genius from the Ukraine is trying to exploit some amusing
tactical features. This surprising move opens up the space to create a passed
pawn.} (24. exf6 Rxf6 25. Qa4 $16) 24... fxe5 25. fxe6 Bxe6 26. b3 $1 (26. Qxe5
$2 Bxa2 $14) 26... e4 (26... Rf5 27. Qb6 Kf7 28. Qxb7+ Kf6 29. Qb6 $16) 27. Qb5
Bf7 (27... e3 28. Qb6 Rf1+ 29. Kb2 Kf7 30. Qxb7+ Kf6 31. Qe4 Rf2+ 32. Ka3 $18)
28. Qxb7 e3 29. Qb5 {Slowing down the black pawn on the e file became a key
feature in the position. Success would enable White to start advancing his own
candidates for promotion.} (29. Qe4 $2 Re8 $13) 29... h6 (29... Re8 30. Kd1 $16
) 30. Kd1 g5 31. Qe2 Rd8+ 32. Ke1 (32. Kc1 Rd2 33. Qxe3 Rxa2 34. Qe5 Ra6 35. b4
$16) 32... Rd2 33. Qxe3 Rxa2 34. b4 Rxh2 {Nisipeanu is literally annihilating
the enemy pawns, but the main danger on the b file remains out of reach.} (
34... Ra1+ 35. Kf2 Ra2+ 36. Kg3 Rb2 37. Qb6 Rb3+ 38. Kg4 Kg7 39. Kf5 $18) 35.
b5 Rb2 36. b6 g4 (36... Bd5 37. Qc5 Rb1+ 38. Kd2 Be4 39. Qc4+ Kg7 40. Qd4+ Kf7
41. Qxe4 Rxb6 42. Qh7+ Kf8 43. Kd3 $18) 37. Qxh6 {The queen is too strong a
piece in this open position and Black stands no chance to achieve coordination
of his pieces.} Rb1+ (37... g3 38. Qg5+ Kh7 (38... Kf8 39. Qd8+ Kg7 40. Qd4+
$18) 39. Qh4+ $18) 38. Kf2 Rb3 39. Qc6 (39. Qc6 g3+ 40. Kg2 Rd3 41. Qc8+ Kg7
42. b7 Bd5+ 43. Kh3 g2+ 44. Kh2 $18) 1-0